Rôles du LG UHC - Statistiques

Statistiques générales
  • Ce quiz a été pris 345 fois
  • Le résultat moyen est 38 sur 73
Statistiques - réponses
Camp Effet/Pouvoir Réponse % Correct
Loup Le plus basique de ce camp Loup-Garou
88%
Village Peut flairer un joueur 3 fois par partie Renard
82%
Loup Il commence a 7 coeurs Loup-Garou Vengeur
76%
Village/Loup Il doit choisir un modèle en début de partie Enfant Sauvage
75%
Village Il peut donner NoFall et Resistance a un joueur Salvateur
75%
Solitaire Il peut choisir Déchu ou Gardien en début de partie Ange
73%
Solitaire Il possède Force I le jour Assassin
73%
Village Doit gagner en avec le couple, ou le village si le couple est mort Cupidon
73%
Village/Solitaire Peut échanger le rôle de deux joueurs choisis Trublion
73%
Village A sa mort, il peut mettre 6 coeurs de dégâts à un joueur Chasseur
72%
Solitaire Il doit essayer de tuer l'un des membre du couple pour le remplacer Rival
71%
Village/Loup Il doit choisir si il veut gagner avec les villageois ou les loups Chien-Loup
70%
Village Elles disposent de l'effet Résistance si elles sont proches toutes les deux Soeurs
70%
Solitaire Il peut charmer les joueurs à moins de 15 blocs Joueur de flûte
69%
Solitaire Possède 15 coeurs de vie Loup-Garou Blanc
69%
Village Le rôle basique Simple Villageois
69%
Village/Loup/Solitaire Il rejoint le camp de sa première victime avec ses effets Voleur
69%
Village Il se ressuscite si il est tué par un loup Ancien
68%
Village Pousse des grognements si des Loups sont proches Montreur d'Ours
68%
Village Peut connaître le rôle d'un joueur par épisode Voyante
68%
Village Peut comparer le rôle de deux joueurs Détective
67%
Village Ne produit aucun message lors de sa mort Ermite
66%
Loup Ne produit aucun message lors de sa mort Loup-Garou Craintif
66%
Village Permet de protéger un joueur d'une mort provoquée par un loup garou par épisode Garde
65%
Village Peut se rendre invisible Petite Fille
65%
Village Elle peut ressusciter un joueur mort Sorcière
65%
Loup Peut infecter un joueur tué par un loup Infect Père des Loups
64%
Loup Ne connait pas ses alliés dès le début de la partie Loup-Garou Amnésique
63%
Loup Il peut produire un cri d'un rayon de 80 blocs Loup-Garou Hurleur
63%
Solitaire Il peut se rendre invisible Feu Follet
62%
Loup Obtient un rôle d'affichage lui permettant parfois de s'infiltrer Loup-Garou Feutré
61%
Village Il se ressuscite si il est tué par un villageois ou solitaire Idiot du Village
60%
Loup Il peut se rendre invisible Loup-Garou Perfide
56%
Loup Son premier kill est affiché Loup-Garou Loup-Garou Grimeur
55%
Village Il peut donner en tout 3 coeurs permanants Bienfaiteur
54%
Loup Il a l'effet force permanant sauf quand un de ses alliés meurt Grand Méchant Loup
54%
Loup A l'effet Speed 0.5 et Force 0.5 la nuit Vilain Petit Loup
54%
Loup Il reçoit un rôle villageois ou solitaire a chaque loup tué Loup-Garou Mystique
53%
Village Si le vote d’un des camps accouche d’une égalité, il connaît la liste des joueurs à égalité et ce rôle est affiché en tant que résultat. Bouc Emissaire
52%
Village Peut espionner les joueurs a proximité, et brouille parfois les rôles des morts Prêtresse
51%
Village Il possède 3 chambres pour héberger des joueurs Aubergiste
50%
Loup Son pseudo est visible dans le chat des Loups Loup-Garou Alpha
49%
Village Il peut corrompre 2 joueurs pour voter Corbeau
45%
Village Il dispose d'un compteur pour chaque type d'aura Vieux Sage
44%
Solitaire Il peut voler le rôle de son premier joueur tué Imitateur
43%
Village Il peut fabriquer des poupées Vaudouiste
43%
Village Peut obtenir une trajectoire entre lui et un joueur non villageois Astronome
42%
Village Elle reçoit une liste de joueur ayant agi chaque épisode Conteuse
42%
Village Peut connaître l'aura d'un joueur toutes les 10 minutes Oracle
41%
Solitaire Lorsque le couple meurt , elle récupère +10% de Speed et 10 coeurs d'absorption Charmeuse
39%
Village Quand un des deux mange une pomme d'or à + de 50 blocs de l'autre, l'absorption est partagée Jumeaux
39%
Solitaire Peut ressusciter le 1er joueur qui meurt à - de 70 blocs et lui voler de la vie progressivement (jusqu'à 7 ♥) Nécromancien
39%
Village Elle peut voler le rôle d'un villageois venant de mourrir Servante Dévouée
39%
Village Il possède un maïtre choisi aléatoirement par épisode Serviteur
39%
Loup Peut octroyer l'effet Blindness aux joueurs aux alentours Loup-Garou Ténébreux
37%
Village Peut savoir le nombre de pommes d'or des joueurs aux alentours Marchande de Fruits
37%
Solitaire Lorsqu’il frappe un joueur pour la première fois, les dégâts infligés sont doublés Barbare
35%
Village Possède Weakness I la nuit et un boost de speed selon sa vie Lapin
34%
Solitaire Peut masquer le nametag d'un joueur pendant 10 minutes Voyou
34%
Village Son écran se colore en rouge lorsqu’il est à - de 10 blocs d’un cadavre de Loup. Braconnier
33%
Village Il peut appliquer une guérison automatique à 3 joueurs dans la partie Rebouteux
32%
Village Il peut savoir les effets précis d'un joueur Analyste
31%
Village/Loup/Solitaire Il vole progressivement le rôle des joueurs autour de lui (20 blocs) et rejoint le camp du premier rôle volé. Escroc
31%
Village Il dispose d'une liste de 3 rôle villageois qui ne font pas partie de la compo Interprète
30%
Village Il peut savoir les actions d'un joueur qu'il cible au début de chaque épisode Espion
28%
Village Il peut voir tout les rôles des morts même si la prêtresse est dans la composition Chaman
27%
Village Peut connâitre le nombre d'aura obscure dans un rayon de 50 blocs Druide
26%
Loup Rôle qu'obtient un Loup se faisant voler son rôle par l'escroc Loup-Garou Oméga
24%
Village Il peut connaître le pseudo du joueur le plus bas en vie en mangeant une pomme d'or Mire
23%
Loup Reçoit la liste des joueurs ayant moins de 80% de leur vie max Loup-Garou Sanguinaire
19%
Village Connait la direction de chaque cadavre de villageois a leur mort Fossoyeur
18%
Village Il peut faire afficher le pseudo d'un joueur aléatoire dans la liste des loups Illusionniste
15%
Village Reçoit les dernières volontés des 4 derniers morts Occultiste
12%
Aucun quiz correspondant
Distribution des résultats
% des personnes avec chaque résultat
Percentile par nombre de réponses
Votre historique - résultats
Vous n’avez pas pris ce quiz